100 Largest Cities in the U.S. - Statistics

General Stats
  • This quiz has been taken 43 times
  • The average score is 78 of 100
Answers on the Map
Answers color-coded by a green-red scale on the quiz's map according to % correct below.
 
Answer Stats
State/District Population Answer % Correct
IL 2,721,308 Chicago
97%
OH 314,915 Cincinnati
97%
OH 933,263 Columbus
97%
TX 1,326,087 Dallas
97%
MI 645,705 Detroit
97%
TX 2,390,125 Houston
97%
FL 487,014 Miami
97%
CA 827,526 San Francisco
97%
GA 520,070 Atlanta
95%
TX 993,588 Austin
95%
MA 673,458 Boston
95%
CO 729,019 Denver
95%
FL 1,009,833 Jacksonville
95%
NV 678,922 Las Vegas
95%
CA 3,878,704 Los Angeles
95%
TN 704,963 Nashville
95%
LA 362,701 New Orleans
95%
NY 8,478,072 New York
95%
OK 712,919 Oklahoma City
95%
FL 334,854 Orlando
95%
AZ 1,673,164 Phoenix
95%
CA 1,404,452 San Diego
95%
WA 780,995 Seattle
95%
OH 365,379 Cleveland
92%
IN 891,484 Indianapolis
92%
MO 516,032 Kansas City
92%
NE 300,619 Lincoln
92%
MN 428,579 Minneapolis
92%
PA 1,573,916 Philadelphia
92%
CA 535,798 Sacramento
92%
FL 414,547 Tampa
92%
NM 560,326 Albuquerque
89%
ID 237,963 Boise
89%
NC 943,476 Charlotte
89%
TX 681,723 El Paso
89%
HI 344,967 Honolulu
89%
TN 610,919 Memphis
89%
WI 563,531 Milwaukee
89%
NE 489,265 Omaha
89%
OR 635,749 Portland
89%
TX 1,526.656 San Antonio
89%
DC 702,250 Washington
89%
PA 307,668 Pittsburgh
87%
NC 499,825 Raleigh
87%
CA 997,368 San Jose
87%
AZ 554,013 Tucson
87%
AK 289,600 Anchorage
84%
MD 568,271 Baltimore
84%
NY 276,617 Buffalo
84%
MO 279,695 St. Louis
84%
TX 1,008,106 Fort Worth
82%
CA 450,901 Long Beach
82%
KY 640,796 Louisville
82%
WI 285,300 Madison
82%
VA 233,655 Richmond
82%
MN 307,465 Saint Paul
82%
CO 493,554 Colorado Springs
79%
CA 550,105 Fresno
79%
CA 443,554 Oakland
79%
OK 415,154 Tulsa
79%
NJ 317,303 Newark
76%
VA 454,808 Virginia Beach
76%
TX 403,672 Arlington
74%
VA 242,873 Arlington
74%
KY 329,437 Lexington
74%
KS 400,991 Wichita
74%
CA 417,468 Bakersfield
71%
IN 273,203 Fort Wayne
71%
NV 294,034 North Las Vegas
71%
NV 281,714 Reno
71%
OH 265,638 Toledo
71%
NC 301,870 Durham
68%
NJ 302,824 Jersey City
68%
FL 267,102 St. Petersburg
68%
CA 344,561 Anaheim
66%
CO 403,130 Aurora
63%
AZ 246,170 Scottsdale
63%
NC 307,381 Greensboro
61%
TX 272,086 Lubbock
61%
AZ 517,151 Mesa
61%
AZ 281,231 Chandler
58%
TX 317,317 Corpus Christi
58%
NV 350,039 Henderson
58%
CA 323,757 Riverside
58%
AZ 258,143 Glendale
55%
TX 261,260 Laredo
55%
CA 318,683 Irvine
50%
TX 293,286 Plano
50%
CA 324,975 Stockton
50%
VA 254,997 Chesapeake
47%
AZ 288,790 Gilbert
47%
TX 258,060 Irving
47%
NC 255,769 Winston-Salem
47%
FL 233,025 Cape Coral
45%
CA 278,546 Chula Vista
45%
CA 316,184 Santa Ana
45%
FL 235,388 Hialeah
39%
TX 235,208 Frisco
34%
TX 250,431 Garland
34%
FL 258,575 Port St. Lucie
34%
No matching quizzes found
Score Distribution
Percent of People with Each Score
Percentile by Number Answered
Your Score History
You have not taken this quiz